| 000 | 00794nam a2200241 a 4500 | ||
|---|---|---|---|
| 005 | 20160212194431.0 | ||
| 008 | 140317s2004 ve d fr|||| 000 0 spa d | ||
| 020 | _a9801207671 | ||
| 040 |
_aCO-BoIAVH _cCO-BoIAVH |
||
| 041 | 0 | _aspa | |
| 044 | _ave | ||
| 082 | 0 | 4 |
_a339.52 _bC82s |
| 110 | 2 | _bCorporación Andina de Fomento | |
| 245 | 1 | 0 |
_aSostenibilidad fiscal en la región andina : _bpolíticas e instituciones |
| 260 |
_aCaracas : _bCorporación Andina de Fomento, _c2004. |
||
| 300 |
_a386 páginas : _bGráficos ; _c23 x 17 cm. |
||
| 650 | 1 | 6 | _aPolítica fiscal |
| 650 | 2 | 6 |
_aMacroeconomía _xPolítica |
| 700 | 1 |
_aJaramillo, Fidel _eEditor |
|
| 700 | 1 |
_aCastilla , Miguel _eEditor |
|
| 700 | 1 |
_aManzano, Osmel _eEditor |
|
| 942 |
_cLIBRO _2ddc |
||
| 999 |
_c4826 _d4826 |
||